Petrophysics : (Record no. 19317)

MARC details
000 -LEADER
fixed length control field 01119cam a22003255a 4500
001 - CONTROL NUMBER
control field 17133453
005 - DATE AND TIME OF LATEST TRANSACTION
control field 20240818092952.0
008 - FIXED-LENGTH DATA ELEMENTS--GENERAL INFORMATION
fixed length control field 120125s2012 maua frb 001 0 eng d
020 ## - INTERNATIONAL STANDARD BOOK NUMBER
International Standard Book Number 9780123838483
040 ## - CATALOGING SOURCE
Original cataloging agency DLC
Language of cataloging eng
Transcribing agency DLC
Modifying agency EG-ScBUE
082 04 - DEWEY DECIMAL CLASSIFICATION NUMBER
Classification number 553.28
Item number TIA
Edition number 22
100 1# - MAIN ENTRY--PERSONAL NAME
Personal name Tiab, Djebbar.
9 (RLIN) 23862
245 10 - TITLE STATEMENT
Title Petrophysics :
Remainder of title theory and practice of measuring reservoir rock and fluid transport properties /
Statement of responsibility, etc Djebbar Tiab, Erle C. Donaldson.
250 ## - EDITION STATEMENT
Edition statement 3rd ed.
260 ## -
-- Waltham ;
-- Oxford :
-- Gulf Professional Publishing / Elsevier,
-- 2012.
300 ## - PHYSICAL DESCRIPTION
Extent xx, 950 p. :
Other physical details ill. ;
Dimensions 24 cm.
336 ## - CONTENT TYPE
Source rdacontent
Content type term text
Content type code txt
337 ## - MEDIA TYPE
Media type term unmediated
Source rdamedia
Media type code n
338 ## - CARRIER TYPE
Carrier type term volume
Carrier type code nc
Source rdacarrier
500 ## - GENERAL NOTE
General note Index : p. 913-950.
504 ## - BIBLIOGRAPHY, ETC. NOTE
Bibliography, etc Includes bibliographical references.
590 ## - LOCAL NOTE (RLIN)
Local note yassmeen ashraf
650 #0 - SUBJECT ADDED ENTRY--TOPICAL TERM
Topical term or geographic name as entry element Petroleum
General subdivision Geology.
Source of heading or term BUEsh
9 (RLIN) 2225
650 #0 - SUBJECT ADDED ENTRY--TOPICAL TERM
Topical term or geographic name as entry element Petrology.
Source of heading or term BUEsh
9 (RLIN) 5042
651 ## - SUBJECT ADDED ENTRY--GEOGRAPHIC NAME
Source of heading or term BUEsh
653 ## - INDEX TERM--UNCONTROLLED
Resource For college Engineering, General
-- Engineering, Petroleum
Arrived date list August2015
655 ## - INDEX TERM--GENRE/FORM
Form subdivision
9 (RLIN) 34232
700 1# - ADDED ENTRY--PERSONAL NAME
Personal name Donaldson, Erle C.
9 (RLIN) 23865
942 ## - ADDED ENTRY ELEMENTS (KOHA)
Source of classification or shelving scheme Dewey Decimal Classification
Call number prefix 553.28 TIA
Classification part RDA-MOD
Holdings
Withdrawn status Lost status Source of classification or shelving scheme Damaged status Not for loan Collection code Home library Current library Shelving location Date acquired Source of acquisition Cost, normal purchase price Serial Enumeration / chronology Total Checkouts Total Renewals Full call number Barcode Checked out Date last seen Date checked out Cost, replacement price Price effective from Koha item type
    Dewey Decimal Classification     Alahram Central Library Central Library First floor 10/05/2015   808.00 322 9 62 553.28 TIA 000038162 26/02/2020 27/01/2020 27/01/2020 1010.00 10/05/2015 Book - Borrowing